Statistiken für Länder Afrikas mit einer leeren Karte

Klicken Sie hier um das Quiz zu spielen!

Allgemein

  • Dieses Quiz wurde 9.467 mal gespielt
  • Das Durchschnittsergebnis liegt bei 48 aus 54

Antworten auf der Karte

Die Antworten werden auf der Karte rot bzw. grün angezeigt, abhängig davon wie oft sie richtig erraten wurden.
Laden ...
 

Antwortstatistiken

Land% Korrekt
Südafrika
99%
Ägypten
98%
Demokratische
Republik Kongo
98%
Republik Kongo
97%
Niger
97%
Marokko
97%
Algerien
97%
Libyen
96%
Sudan
96%
Nigeria
96%
Tunesien
94%
Südsudan
94%
Namibia
94%
Mali
94%
Elfenbeinküste
94%
Ghana
93%
Kenia
93%
Äthiopien
93%
Tschad
92%
Angola
91%
Togo
91%
Somalia
91%
Tansania
90%
Madagaskar
90%
Eritrea
90%
Lesotho
89%
Senegal
89%
Guinea
89%
Mauretanien
89%
Zentralafrikanische
Republik
89%
Kamerun
88%
Uganda
88%
Botswana
88%
Swasiland
87%
Ruanda
86%
Benin
85%
Mosambik
85%
Sambia
85%
Simbabwe
85%
Gambia
84%
Liberia
84%
Burkina Faso
84%
Malawi
82%
Guinea-Bissau
81%
Sierra Leone
80%
Burundi
80%
Dschibuti
80%
Äquatorial-Guinea
80%
Gabun
80%
Kap Verde
79%
Seychellen
75%
Mauritius
75%
São Tomé und
Príncipe
71%
Komoren
71%

Verteilung der Resultate

Perzentil nach korrekt beantworteten Fragen

Anzahl Personen mit jedem Resultat

Ihre Resultats-Entwicklung

Sie haben dieses Quiz noch nicht gespielt